Operations and process management: principles and practice. / (Record no. 2008)

MARC details
000 -LEADER
fixed length control field 01066nam a22002297a 4500
008 - FIXED-LENGTH DATA ELEMENTS--GENERAL INFORMATION
fixed length control field 120814t xxu||||| |||| 00| 0 eng d
020 ## - INTERNATIONAL STANDARD BOOK NUMBER
International Standard Book Number 0273684264
050 ## - LIBRARY OF CONGRESS CALL NUMBER
Classification number TS183.Q64
100 ## - MAIN ENTRY--PERSONAL NAME
Personal name Slack, Nigel
245 ## - TITLE STATEMENT
Title Operations and process management: principles and practice. /
Statement of responsibility, etc. Nigel Slack et al
260 ## - PUBLICATION, DISTRIBUTION, ETC.
Place of publication, distribution, etc. England:
Name of publisher, distributor, etc. Prentice - Hall,
Date of publication, distribution, etc. 2006.
300 ## - PHYSICAL DESCRIPTION
Extent xxiii,531 p.:
Other physical details ill.;
Dimensions 24cm.
500 ## - GENERAL NOTE
General note Includes index
505 ## - FORMATTED CONTENTS NOTE
Formatted contents note Contents: Operations and processes -- Operations strategy -- Supply network design -- Process design 1 - Positioning -- Process design 2 - Analysis -- Product and service design processes -- Supply chain management -- Capacity management -- Inventory management -- Resource planning and control -- Lean synchronization -- Quality management -- Improvment -- Risk and resilence -- Project management.
650 ## - SUBJECT ADDED ENTRY--TOPICAL TERM
Topical term or geographic name entry element Manufacturing processes.
650 ## - SUBJECT ADDED ENTRY--TOPICAL TERM
Topical term or geographic name entry element Process control.
650 ## - SUBJECT ADDED ENTRY--TOPICAL TERM
Topical term or geographic name entry element Operations Management.
700 ## - ADDED ENTRY--PERSONAL NAME
Personal name Chambers, Stuart
700 ## - ADDED ENTRY--PERSONAL NAME
Personal name Johnson, Robert
700 ## - ADDED ENTRY--PERSONAL NAME
Personal name Betts, Alan
942 ## - ADDED ENTRY ELEMENTS (KOHA)
Source of classification or shelving scheme Library of Congress Classification
Koha item type Books
Holdings
Withdrawn status Lost status Source of classification or shelving scheme Damaged status Not for loan Home library Current library Shelving location Date acquired Total Checkouts Full call number Barcode Date last seen Copy number Price effective from Koha item type
    Library of Congress Classification     WISCONSIN INTERNATIONAL UNIVERSITY COLLEGE, GHANA - MAIN LIBRARY WISCONSIN INTERNATIONAL UNIVERSITY COLLEGE, GHANA - MAIN LIBRARY General Stacks 14/08/2012   TS183.Q64 5809/12 14/08/2012 1 14/08/2012 Books
    Library of Congress Classification     WISCONSIN INTERNATIONAL UNIVERSITY COLLEGE, GHANA - MAIN LIBRARY WISCONSIN INTERNATIONAL UNIVERSITY COLLEGE, GHANA - MAIN LIBRARY General Stacks 14/08/2012   TS183.Q641 5810/12 14/08/2012 2 14/08/2012 Books

If you have any concerns or questions; kindly contact the library


© Powered by WIUC ICT DIRECTORATE